Giải toán cùng Einstein = Becoming a problem solving genius : a handbook of maths strategies

Trong cuốn sách Giải toán cùng Einstein này, Toán học không còn chỉ là những con số khô khan mà gắn với những liên tưởng thú vị, các công thức không chỉ đơn thuần là những chuỗi ký hiệu khó nhớ mà gắn với những câu chuyện, triết lý tron...

Szczegółowa specyfikacja

Zapisane w:
Opis bibliograficzny
1. autor: Zaccaro, Edward
Format: Książka
Język:Undetermined
Wydane: Hà Nội Thế giới 2016
Hasła przedmiotowe:
Etykiety: Dodaj etykietę
Nie ma etykietki, Dołącz pierwszą etykiete!
Thư viện lưu trữ: Trung tâm Học liệu Trường Đại học Cần Thơ
LEADER 01117nam a2200229Ia 4500
001 CTU_220919
008 210402s9999 xx 000 0 und d
020 |c 109000 
082 |a 153.43 
082 |b Z13 
100 |a Zaccaro, Edward 
245 0 |a Giải toán cùng Einstein = 
245 0 |b Becoming a problem solving genius : a handbook of maths strategies 
245 0 |c Edward Zaccaro ; Nguyễn Tú (dịch) 
260 |a Hà Nội 
260 |b Thế giới 
260 |c 2016 
520 |a Trong cuốn sách Giải toán cùng Einstein này, Toán học không còn chỉ là những con số khô khan mà gắn với những liên tưởng thú vị, các công thức không chỉ đơn thuần là những chuỗi ký hiệu khó nhớ mà gắn với những câu chuyện, triết lý trong cuộc sống, ... 
650 |a Problem solving,Giải quyết vấn đề 
650 |x Problems, exercises, etc.,Câu hỏi, bài tập 
904 |i Hải 
980 |a Trung tâm Học liệu Trường Đại học Cần Thơ